[Event "Paul Keres mem (24th)"]
[Site "New Westminster CAN"]
[Date "1999.05.22"]
[Round "3"]
[White "Wright, Stephen"]
[Black "Chapman, Erik"]
[Result "1-0"]
[WhiteElo "2256"]
[BlackElo "2016"]
[PlyCount "81"]
[GameId "2160767911804993"]
[EventDate "1999.05.21"]
[EventType "swiss"]
[EventRounds "7"]
[EventCountry "CAN"]

1. d4 f5 2. Bg5 d5 3. e3 Nd7 4. Bd3 Ndf6 5. c4 c6 6. Nc3 e6 7. Nf3 Be7 8. Qc2 Ne4 9. Bxe7 Qxe7 10. Ne5 Ngf6 11. O-O-O Nd7 12. Bxe4 fxe4 13. f3 Nxe5 14. dxe5 exf3 15. gxf3 Qc5 16. Rd4 b5 17. cxb5 cxb5 18. Rg1 g6 19. b4 Qb6 20. Rxg6 Bd7 21. Rg7 Rc8 22. Kb2 a5 23. Rxh7 Rg8 24. Rg4 Rf8 25. Qg6+ Kd8 26. Nxd5 Rc2+ 27. Kxc2 Qc6+ 28. Nc3 Rxf3 29. Rxd7+ Kxd7 30. Qh7+ Ke8 31. Rg8+ Rf8 32. Rxf8+ Kxf8 33. Qe4 Qa6 34. Qd4 Kf7 35. Qd7+ Kg8 36. Ne4 axb4 37. Nf6+ Kf8 38. Qe8+ Kg7 39. Qg8+ Kh6 40. Qh7+ Kg5 41. h4# 1-0

[Event "Paul Keres mem (24th)"]
[Site "New Westminster CAN"]
[Date "1999.05.22"]
[Round "3"]
[White "Zick, David"]
[Black "Ivankovic, Goran"]
[Result "1-0"]
[WhiteElo "2228"]
[BlackElo "1844"]
[PlyCount "51"]
[GameId "2160767911804995"]
[EventDate "1999.05.21"]
[EventType "swiss"]
[EventRounds "7"]
[EventCountry "CAN"]

1. e4 e6 2. d4 d5 3. Nd2 dxe4 4. Nxe4 Nd7 5. Nf3 Ngf6 6. Bg5 Be7 7. Nxf6+ Nxf6 8. Bd3 h6 9. Bh4 O-O 10. Qe2 Qd5 11. Bc4 Qa5+ 12. c3 Bd7 13. Ne5 Be8 14. a4 c6 15. b4 Qc7 16. Bg3 Bd6 17. O-O Nd7 18. Ng6 Bxg3 19. fxg3 fxg6 20. Qxe6+ Bf7 21. Rxf7 Rxf7 22. Qxf7+ Kh7 23. Be6 Rd8 24. Qe7 b6 25. Rf1 c5 26. Rf7 1-0

[Event "Paul Keres mem (24th)"]
[Site "New Westminster CAN"]
[Date "1999.05.23"]
[Round "4"]
[White "Aquino, Manfrei"]
[Black "Adam, Valerian"]
[Result "0-1"]
[WhiteElo "1959"]
[BlackElo "2315"]
[PlyCount "86"]
[GameId "2160767911804996"]
[EventDate "1999.05.21"]
[EventType "swiss"]
[EventRounds "7"]
[EventCountry "CAN"]

1. d4 Nf6 2. c4 g6 3. Nc3 Bg7 4. e4 d6 5. f3 e5 6. d5 a5 7. Be3 Nbd7 8. Qd2 Nc5 9. Nge2 O-O 10. O-O-O Ne8 11. g4 f5 12. gxf5 gxf5 13. Bh6 Nd3+ 14. Qxd3 Bxh6+ 15. Kb1 f4 16. h4 Kf7 17. Bh3 Bxh3 18. Rxh3 Rg8 19. Rg1 Nf6 20. Qd1 Nh5 21. Qe1 Qd7 22. Rh2 Nf6 23. Nd1 b5 24. Rxg8 Kxg8 25. cxb5 Qxb5 26. Nec3 Qd3+ 27. Rc2 Qxf3 28. Nb5 Qxe4 29. Qg1+ Qg6 30. Qxg6+ hxg6 31. Nxc7 Rc8 32. Rc6 Nxd5 33. Nxd5 Rxc6 34. Ne7+ Kf7 35. Nxc6 e4 36. Kc2 f3 37. Nd4 Kf6 38. Nf2 Ke5 39. Nc6+ Kf4 40. Kd2 Kg3+ 41. Ke1 e3 42. Kf1 e2+ 43. Ke1 Bd2+ 0-1

[Event "Paul Keres mem (24th)"]
[Site "New Westminster CAN"]
[Date "1999.05.23"]
[Round "4"]
[White "Bates, Darren"]
[Black "Stanford, Mike"]
[Result "0-1"]
[WhiteElo "1617"]
[BlackElo "1970"]
[PlyCount "52"]
[GameId "2160767911804997"]
[EventDate "1999.05.21"]
[EventType "swiss"]
[EventRounds "7"]
[EventCountry "CAN"]

1. f4 Nf6 2. Nc3 d5 3. e3 c5 4. Bb5+ Nc6 5. Bxc6+ bxc6 6. Nf3 e6 7. Ne2 Be7 8. Ne5 Bb7 9. d3 Bd6 10. d4 cxd4 11. exd4 Ne4 12. O-O O-O 13. Rf3 c5 14. g4 cxd4 15. Ng3 Bc5 16. Nd3 Bb6 17. Kg2 f5 18. g5 g6 19. h4 Rc8 20. h5 Qc7 21. Nb4 a5 22. hxg6 hxg6 23. Nxe4 dxe4 24. Rh3 axb4 25. c3 dxc3 26. Kg3 Rfd8 0-1

[Event "Paul Keres mem (24th)"]
[Site "New Westminster CAN"]
[Date "1999.05.23"]
[Round "4"]
[White "Baunok, Zoltan"]
[Black "Pangilinan, Emmanuel"]
[Result "1-0"]
[WhiteElo "2149"]
[BlackElo "1903"]
[PlyCount "105"]
[GameId "2160767911804998"]
[EventDate "1999.05.21"]
[EventType "swiss"]
[EventRounds "7"]
[EventCountry "CAN"]

1. e4 c5 2. Nf3 b6 3. Nc3 Bb7 4. d4 cxd4 5. Nxd4 Nc6 6. Bc4 e6 7. O-O a6 8. a3 Nge7 9. Bg5 f6 10. Bh4 Nxd4 11. Qxd4 Nc6 12. Qd2 b5 13. Bb3 Bc5 14. Kh1 h5 15. f4 Qc7 16. f5 Ke7 17. fxe6 dxe6 18. Bxe6 Ne5 19. Bd5 Rhf8 20. Bxb7 Qxb7 21. Nd5+ Ke6 22. Qc3 Bd6 23. Rad1 Qb8 24. Qb3 Kd7 25. Nb4 Qb7 26. Qh3+ Kc7 27. Nd5+ Kb8 28. Nxf6 gxf6 29. Rxd6 Qxe4 30. Rdxf6 Rxf6 31. Bxf6 Qe2 32. Bxe5+ Qxe5 33. Qg3 Qxg3 34. hxg3 Kc7 35. Rf5 Kc6 36. Kh2 Rd8 37. Kh3 Rd6 38. b4 Rd2 39. Rxh5 Rxc2 40. Rh6+ Kb7 41. Rf6 Rc3 42. Rf3 Rc6 43. g4 Rh6+ 44. Kg3 Rg6 45. Kh4 Rh6+ 46. Kg5 Rh2 47. g3 Rh8 48. Rf6 Rh1 49. Kg6 Rh3 50. Rf3 Rh8 51. Rf7+ Kc6 52. g5 Rg8+ 53. Kf6 1-0

[Event "Paul Keres mem (24th)"]
[Site "New Westminster CAN"]
[Date "1999.05.23"]
[Round "4"]
[White "Bojovic, Gavrilo"]
[Black "Monteith, Donald"]
[Result "1-0"]
[WhiteElo "2153"]
[BlackElo "1905"]
[PlyCount "100"]
[GameId "2160767911804999"]
[EventDate "1999.05.21"]
[EventType "swiss"]
[EventRounds "7"]
[EventCountry "CAN"]

1. e4 e6 2. d4 d5 3. Nc3 Bb4 4. e5 c5 5. a3 Bxc3+ 6. bxc3 Ne7 7. Qg4 Qc7 8. Qxg7 Rg8 9. Qxh7 cxd4 10. Qd3 Qxe5+ 11. Ne2 dxc3 12. Qxc3 Qxc3+ 13. Nxc3 Bd7 14. Nb5 Bxb5 15. Bxb5+ Nbc6 16. O-O a6 17. Bd3 Ne5 18. Rb1 Nxd3 19. cxd3 b5 20. a4 Rb8 21. Bf4 Rb7 22. Rfc1 Kd7 23. h4 Rg4 24. g3 f6 25. axb5 axb5 26. Kg2 e5 27. Kf3 Rg8 28. Bd2 Nf5 29. Be3 b4 30. Rb3 Nxe3 31. Kxe3 Rh8 32. Ra1 Ke7 33. Ra6 Rc8 34. Ra4 Rcb8 35. h5 Ke6 36. g4 f5 37. f3 f4+ 38. Kf2 Kf6 39. Ra6+ Rb6 40. Rxb4 Rxa6 41. Rxb8 Ra2+ 42. Ke1 Rh2 43. Rg8 Rh3 44. Rg6+ Kf7 45. Kf2 Rh2+ 46. Kg1 Rd2 47. Rg5 Kf6 48. Rf5+ Ke6 49. h6 Rxd3 50. h7 Rd1+ 1-0

[Event "Paul Keres mem (24th)"]
[Site "New Westminster CAN"]
[Date "1999.05.23"]
[Round "4"]
[White "Chapman, Erik"]
[Black "Jose, Marionito"]
[Result "1-0"]
[WhiteElo "2016"]
[BlackElo "1883"]
[PlyCount "79"]
[GameId "2160767911805000"]
[EventDate "1999.05.21"]
[EventType "swiss"]
[EventRounds "7"]
[EventCountry "CAN"]

1. f4 d5 2. Nf3 e6 3. e3 g6 4. d4 b6 5. Ne5 Bg7 6. Nd2 Nf6 7. Be2 Bb7 8. c3 O-O 9. g4 Nbd7 10. g5 Ne4 11. Nxe4 dxe4 12. h4 Nxe5 13. fxe5 c5 14. Rg1 cxd4 15. exd4 Re8 16. Be3 Rc8 17. Rg4 a6 18. Kf2 b5 19. Qh1 Bd5 20. a3 Qd7 21. h5 Re7 22. Qh2 Qb7 23. Rh1 Bf8 24. Rf4 a5 25. Ra1 b4 26. hxg6 fxg6 27. axb4 axb4 28. Ba6 Qc7 29. Bxc8 Qxc8 30. Rc1 bxc3 31. Rxc3 Qb7 32. Kg3 Rc7 33. Qf2 Bg7 34. Rxc7 Qxc7 35. Bd2 Qb7 36. Bc3 Bc4 37. Kh4 Bd3 38. d5 exd5 39. e6 Bxc3 40. Rf8+ 1-0

[Event "Paul Keres mem (24th)"]
[Site "New Westminster CAN"]
[Date "1999.05.23"]
[Round "4"]
[White "Downey, Glen"]
[Black "Angelvette, Duane"]
[Result "1-0"]
[WhiteElo "2012"]
[BlackElo "1676"]
[PlyCount "78"]
[GameId "2160767911805002"]
[EventDate "1999.05.21"]
[EventType "swiss"]
[EventRounds "7"]
[EventCountry "CAN"]

1. d4 Nf6 2. Nf3 g6 3. Bg5 Bg7 4. Nbd2 d6 5. c3 d5 6. e3 Bf5 7. Be2 O-O 8. Qb3 b6 9. Ne5 Ne4 10. Nxe4 Bxe4 11. f3 Bf5 12. Bf4 f6 13. Nd3 Nc6 14. e4 Be6 15. Nf2 Kh8 16. O-O Bf7 17. Qa4 e5 18. Bg3 Ne7 19. dxe5 fxe5 20. exd5 Nf5 21. Rfd1 Qg5 22. f4 Nxg3 23. fxg5 Nxe2+ 24. Kf1 Be8 25. Qe4 Bb5 26. c4 Rf4 27. Qxf4 Nxf4 28. cxb5 Rd8 29. Rd2 Bf8 30. Rad1 Bc5 31. Nd3 Nxd3 32. Rxd3 e4 33. Rc3 Rf8+ 34. Ke1 Bd6 35. Ke2 Bxh2 36. g3 Rf5 37. Rh1 Rxg5 38. Rxh2 Rxd5 39. Rxc7 Rxb5 1-0

[Event "Paul Keres mem (24th)"]
[Site "New Westminster CAN"]
[Date "1999.05.23"]
[Round "4"]
[White "Harutyunyan, Ararat"]
[Black "Kuczaj, Chris"]
[Result "1/2-1/2"]
[WhiteElo "1914"]
[BlackElo "2114"]
[PlyCount "90"]
[GameId "2160767911805003"]
[EventDate "1999.05.21"]
[EventType "swiss"]
[EventRounds "7"]
[EventCountry "CAN"]

1. e4 c5 2. Nf3 Nc6 3. d4 cxd4 4. Nxd4 e6 5. Nc3 a6 6. Bc4 Qc7 7. O-O Nf6 8. Nf3 b5 9. Bd3 Bb7 10. Bg5 Be7 11. Re1 d6 12. Qd2 h6 13. Bf4 b4 14. Ne2 e5 15. Be3 d5 16. exd5 Nxd5 17. Ng3 Nxe3 18. Qxe3 g6 19. Nxe5 Nxe5 20. Qxe5 Qxe5 21. Rxe5 Kf8 22. Be4 Bf6 23. Bxb7 Rb8 24. Ra5 Rxb7 25. Rxa6 Kg7 26. Rb1 Rc8 27. Ne4 Be7 28. Rc1 f5 29. Nd6 Bxd6 30. Rxd6 b3 31. axb3 Rxb3 32. g3 Rxb2 33. c4 f4 34. Rd3 Rf8 35. g4 Rc8 36. Kg2 Rc5 37. Rd4 g5 38. Rd7+ Kf6 39. Rd6+ Kg7 40. Rd3 Rb4 41. Rdc3 Kf6 42. h4 gxh4 43. Kf3 Kg5 44. Ke4 Kxg4 45. Rg1+ Kh5 1/2-1/2

[Event "Paul Keres mem (24th)"]
[Site "New Westminster CAN"]
[Date "1999.05.23"]
[Round "4"]
[White "Holubowicz, Kazimiercz"]
[Black "Lee, Mau Seng"]
[Result "0-1"]
[WhiteElo "1776"]
[BlackElo "2033"]
[PlyCount "76"]
[GameId "2160767911805005"]
[EventDate "1999.05.21"]
[EventType "swiss"]
[EventRounds "7"]
[EventCountry "CAN"]

1. Nf3 Nf6 2. d4 d6 3. Bf4 Nbd7 4. e3 c5 5. c3 g6 6. Nbd2 Bg7 7. Bd3 O-O 8. Bg5 b6 9. h4 Bb7 10. h5 Nxh5 11. Rxh5 gxh5 12. Nh4 Qe8 13. Qxh5 f5 14. Qe2 h6 15. Bxe7 Qxe7 16. Nxf5 Rxf5 17. Bxf5 cxd4 18. cxd4 Nf6 19. O-O-O Bd5 20. Kb1 Ne4 21. f3 Ng3 22. Qd3 Nxf5 23. Qxf5 Qf7 24. Qg4 Bxa2+ 25. Ka1 Be6 26. Qg3 Qd7 27. b3 d5 28. Rh1 Kh7 29. Qh2 Rc8 30. g4 Qc7 31. Qe2 Qc3+ 32. Kb1 Bf7 33. f4 Qc2+ 34. Ka1 Re8 35. f5 Bxd4+ 36. exd4 Rxe2 37. g5 Qxd2 38. Rxh6+ Kg8 0-1

[Event "Paul Keres mem (24th)"]
[Site "New Westminster CAN"]
[Date "1999.05.23"]
[Round "4"]
[White "Neufahrt, Gerhard"]
[Black "Martinson, Rick"]
[Result "1-0"]
[WhiteElo "2180"]
[BlackElo "1659"]
[PlyCount "71"]
[GameId "2160767911805008"]
[EventDate "1999.05.21"]
[EventType "swiss"]
[EventRounds "7"]
[EventCountry "CAN"]

1. e4 c5 2. f4 d6 3. Nf3 Nc6 4. Bc4 e6 5. Nc3 a6 6. a4 Nf6 7. Qe2 Be7 8. e5 Nd4 9. Nxd4 cxd4 10. exf6 Bxf6 11. Ne4 Be7 12. Ng3 Bd7 13. b3 Bc6 14. Bb2 Qb6 15. Qf2 d5 16. Bd3 Bc5 17. Nh5 Kf8 18. a5 Qc7 19. b4 Ba7 20. Bxd4 Bxd4 21. Qxd4 f6 22. O-O Qf7 23. g4 Ke7 24. Qc5+ Kd7 25. b5 axb5 26. Bxb5 Rhc8 27. Ra3 g6 28. Ng3 Kd8 29. Qb6+ Ke8 30. Re1 Qd7 31. Rxe6+ Qxe6 32. Re3 Qxe3+ 33. Qxe3+ Kf7 34. Bxc6 bxc6 35. f5 Re8 36. Qb6 1-0

[Event "Paul Keres mem (24th)"]
[Site "New Westminster CAN"]
[Date "1999.05.23"]
[Round "4"]
[White "Pascuzzi, Anthony"]
[Black "Pupols, Viktors"]
[Result "1/2-1/2"]
[WhiteElo "2122"]
[BlackElo "2296"]
[PlyCount "143"]
[GameId "2160767911805009"]
[EventDate "1999.05.21"]
[EventType "swiss"]
[EventRounds "7"]
[EventCountry "CAN"]

1. d4 g6 2. Nf3 Nf6 3. Nc3 c5 4. d5 d6 5. e4 Bg7 6. Bb5+ Bd7 7. a4 O-O 8. O-O Bg4 9. Re1 a6 10. Bf1 Nbd7 11. h3 Bxf3 12. Qxf3 b6 13. Qd1 Ne8 14. Be3 Nc7 15. Qd2 Rb8 16. Bh6 b5 17. Bxg7 Kxg7 18. f4 f6 19. Kh1 Kh8 20. b3 Rg8 21. axb5 axb5 22. Nd1 Ra8 23. Nf2 Qb8 24. Ng4 Qb7 25. Rxa8 Rxa8 26. e5 Qxd5 27. Qxd5 Nxd5 28. Bxb5 N7b6 29. exf6 exf6 30. c4 Nxf4 31. Nxf6 Rf8 32. Re8 Rxe8 33. Nxe8 d5 34. cxd5 Nfxd5 35. Nd6 Nc3 36. Bd3 Kg7 37. Nb7 Nd7 38. Kg1 Kf6 39. Kf2 Ke5 40. Ke1 Kd4 41. Kd2 Nd5 42. Nd8 Nf4 43. Bb5 Nf6 44. Bc6 Ne4+ 45. Bxe4 Kxe4 46. Nf7 h5 47. Kc3 Kd5 48. Nh8 h4 49. Kd2 Ke5 50. Ke3 Kf5 51. Nf7 Nxg2+ 52. Kf3 Ne1+ 53. Ke3 Ke6 54. Ng5+ Kd5 55. Ne4 Nc2+ 56. Kf4 Nd4 57. Nd2 Ne6+ 58. Kg4 Kd4 59. Kxh4 Ke3 60. Nc4+ Kf4 61. Nb6 Nd4 62. Nd5+ Ke5 63. Nc3 Kf5 64. Kg3 Nxb3 65. h4 Nd2 66. Nd5 Nc4 67. Ne7+ Kf6 68. Nd5+ Ke5 69. Ne7 Kf6 70. Nd5+ Ke5 71. Nf4 Kf5 72. Nd3 1/2-1/2

[Event "Paul Keres mem (24th)"]
[Site "New Westminster CAN"]
[Date "1999.05.23"]
[Round "4"]
[White "Pechisker, Alfred"]
[Black "Krzyzowski, Ernest"]
[Result "0-1"]
[WhiteElo "2221"]
[BlackElo "1937"]
[PlyCount "112"]
[GameId "2160767911805010"]
[EventDate "1999.05.21"]
[EventType "swiss"]
[EventRounds "7"]
[EventCountry "CAN"]

1. d4 f5 2. g3 Nf6 3. Bg2 e6 4. c4 d5 5. Nc3 c6 6. Nf3 Nbd7 7. Bg5 Be7 8. Qc2 O-O 9. h4 h6 10. Bf4 Nh5 11. e3 b6 12. Qa4 Bb7 13. Ne5 Nxe5 14. Bxe5 Bd6 15. Bxd6 Qxd6 16. O-O g5 17. hxg5 hxg5 18. c5 Qc7 19. cxb6 axb6 20. Qc2 Qf7 21. Ne2 Kg7 22. f4 g4 23. Kf2 Rh8 24. Rh1 Nf6 25. a3 Rxh1 26. Rxh1 Rh8 27. Rxh8 Kxh8 28. Qb3 b5 29. Qb4 Kg8 30. Qd6 Qd7 31. Qb8+ Qc8 32. Qe5 Kf7 33. Nc1 c5 34. Nb3 Nd7 35. Qd6 c4 36. Na5 Nb8 37. Ke2 Nc6 38. Nxc6 Qxc6 39. Qxc6 Bxc6 40. Kd2 Ke7 41. Kc3 Kd7 42. Kb4 Kc7 43. Kc5 Bd7 44. Bf1 Be8 45. Be2 Bd7 46. Bd1 Bc6 47. b3 Bd7 48. bxc4 bxc4 49. e4 dxe4 50. Kxc4 Kb6 51. d5 Bb5+ 52. Kd4 exd5 53. Ke5 e3 54. Kxf5 e2 55. Bxe2 Bxe2 56. Ke5 Kc5 0-1

[Event "Paul Keres mem (24th)"]
[Site "New Westminster CAN"]
[Date "1999.05.23"]
[Round "4"]
[White "Remedios, Russell"]
[Black "Hallam, John"]
[Result "0-1"]
[WhiteElo "2112"]
[BlackElo "2257"]
[PlyCount "78"]
[GameId "2160767911805011"]
[EventDate "1999.05.21"]
[EventType "swiss"]
[EventRounds "7"]
[EventCountry "CAN"]

1. d4 d5 2. c4 Nc6 3. Nf3 Bg4 4. e3 e5 5. Be2 dxc4 6. Qa4 Bxf3 7. Bxf3 Bb4+ 8. Bd2 Bxd2+ 9. Nxd2 Nge7 10. dxe5 O-O 11. Nxc4 a6 12. Rd1 Qc8 13. Na5 Nxa5 14. Qxa5 Re8 15. Qb4 c6 16. Bg4 Qc7 17. Rd6 Nd5 18. Qc5 Rxe5 19. O-O Qe7 20. Rd1 h5 21. R1xd5 cxd5 22. Bh3 Rd8 23. Rxd8+ Qxd8 24. g3 Re7 25. Bg2 Rc7 26. Qd4 Rc1+ 27. Bf1 Qa5 28. Kg2 Qe1 29. Bd3 Qh1+ 30. Kh3 Qf3 31. Qe5 Rc8 32. Bf5 Rf8 33. Bb1 Qxf2 34. Bd3 Qf3 35. Qe7 b5 36. Bh7+ Kxh7 37. Qxf8 Qf1+ 38. Kh4 Qf5 39. Qe7 Qg4# 0-1

[Event "Paul Keres mem (24th)"]
[Site "New Westminster CAN"]
[Date "1999.05.23"]
[Round "4"]
[White "Small, Hugh"]
[Black "Sullivan, Brian"]
[Result "1-0"]
[WhiteElo "1734"]
[BlackElo "1743"]
[PlyCount "79"]
[GameId "2160767911805012"]
[EventDate "1999.05.21"]
[EventType "swiss"]
[EventRounds "7"]
[EventCountry "CAN"]

1. d4 Nf6 2. Nf3 g6 3. Bg5 Bg7 4. e3 O-O 5. Nbd2 d6 6. Bd3 h6 7. Bh4 c5 8. c3 g5 9. Bg3 Nh5 10. Nxg5 Nxg3 11. hxg3 e5 12. Ngf3 f5 13. dxe5 dxe5 14. Qb3+ Kh7 15. Be2 Nc6 16. O-O-O Qf6 17. Rh5 e4 18. Ng5+ Kg6 19. Nh3 Kh7 20. Nf4 Ne5 21. Qd5 Bd7 22. Nc4 Nxc4 23. Qxc4 Be8 24. Rhh1 Bf7 25. Qxc5 Rfc8 26. Qd4 Qc6 27. Qb4 Bxa2 28. Nh5 Rc7 29. Nxg7 Kxg7 30. Rd6 Qc5 31. Qxc5 Rxc5 32. Rhxh6 Bb3 33. Bh5 Kg8 34. Rdg6+ Kf8 35. Rh8+ Ke7 36. Rxa8 f4 37. Be2 Ra5 38. Kb1 Rd5 39. Rxa7 Rd2 40. Rxb7+ 1-0

[Event "Paul Keres mem (24th)"]
[Site "New Westminster CAN"]
[Date "1999.05.23"]
[Round "4"]
[White "Sokourinski, Sergei"]
[Black "San Juan, Louie"]
[Result "1-0"]
[WhiteElo "2268"]
[BlackElo "2013"]
[PlyCount "83"]
[GameId "2160767911805013"]
[EventDate "1999.05.21"]
[EventType "swiss"]
[EventRounds "7"]
[EventCountry "CAN"]

1. d4 b6 2. Nf3 e6 3. g3 Bb7 4. Bg2 d6 5. O-O Nf6 6. c4 Nbd7 7. Nc3 c5 8. e3 Qc7 9. Nb5 Qb8 10. a4 a6 11. Nc3 Qc7 12. Bd2 Be7 13. Qe2 O-O 14. Rfd1 Rac8 15. b3 d5 16. cxd5 Nxd5 17. Nxd5 Bxd5 18. Rab1 Qb7 19. Ne1 Nf6 20. Bxd5 exd5 21. Nf3 Rfe8 22. Rdc1 Bd6 23. Be1 Rc7 24. a5 Rec8 25. axb6 Qxb6 26. dxc5 Bxc5 27. b4 Bd6 28. Rxc7 Rxc7 29. Qd3 h6 30. Nd4 g6 31. Ra1 Ra7 32. Rc1 Rc7 33. Ra1 Ra7 34. Kg2 Nd7 35. Nf3 Nb8 36. Qxd5 Bxb4 37. Bxb4 Qxb4 38. Rc1 Rd7 39. Rc8+ Kh7 40. Qe5 g5 41. Rxb8 Qc4 42. Qh8+ 1-0

[Event "Paul Keres mem (24th)"]
[Site "New Westminster CAN"]
[Date "1999.05.23"]
[Round "4"]
[White "Sommerfeld, Gilbert"]
[Black "Zick, David"]
[Result "0-1"]
[WhiteElo "2277"]
[BlackElo "2228"]
[PlyCount "86"]
[GameId "2160767911805014"]
[EventDate "1999.05.21"]
[EventType "swiss"]
[EventRounds "7"]
[EventCountry "CAN"]

1. Nf3 Nf6 2. c4 g6 3. Nc3 c5 4. g3 Bg7 5. Bg2 Nc6 6. d4 cxd4 7. Nxd4 Nxd4 8. Qxd4 O-O 9. O-O d6 10. Bg5 Be6 11. Qh4 Rc8 12. b3 Qa5 13. Rac1 Rc5 14. Bd2 Rh5 15. Qf4 Bh6 16. Qd4 Bxd2 17. Qxd2 Bh3 18. e4 Ng4 19. b4 Qxb4 20. Rb1 Qxc4 21. Bxh3 Rxh3 22. Qf4 Nf6 23. Rfc1 b6 24. Nd5 Nxd5 25. Rxc4 Nxf4 26. gxf4 Ra3 27. Rb2 Rd8 28. Rc7 Kf8 29. Kg2 d5 30. Rd2 d4 31. Rc4 b5 32. Rc5 a6 33. Rc7 b4 34. Rb7 a5 35. Ra7 d3 36. Kf3 Rc8 37. Ke3 Rc2 38. f3 Rxd2 39. Kxd2 h5 40. Ra8+ Kg7 41. h4 Rxa2+ 42. Kxd3 b3 43. Rb8 a4 0-1

[Event "Paul Keres mem (24th)"]
[Site "New Westminster CAN"]
[Date "1999.05.23"]
[Round "4"]
[White "Teplitsky, Yan"]
[Black "Kostadinov, George"]
[Result "1-0"]
[WhiteElo "2526"]
[BlackElo "2118"]
[PlyCount "85"]
[GameId "2160767911805015"]
[EventDate "1999.05.21"]
[EventType "swiss"]
[EventRounds "7"]
[EventCountry "CAN"]

1. Nf3 c5 2. c4 Nf6 3. Nc3 Nc6 4. g3 g6 5. Bg2 Bg7 6. d4 cxd4 7. Nxd4 O-O 8. O-O Qb6 9. Nb3 d6 10. Be3 Qb4 11. c5 Be6 12. cxd6 Rfd8 13. Bc5 Qc4 14. Rc1 exd6 15. Be3 Qb4 16. Nd4 Rac8 17. Nxe6 fxe6 18. Qa4 Qxa4 19. Nxa4 Ng4 20. Bh3 Nxe3 21. Bxe6+ Kh8 22. Bxc8 Nxf1 23. Bxb7 Na5 24. Bd5 Nd2 25. Rc2 Nb1 26. b4 Na3 27. Rc7 Nb5 28. Re7 Nc3 29. Nxc3 Bxc3 30. bxa5 Bxa5 31. Rxa7 Bb4 32. a4 Bc5 33. Rb7 h6 34. Rb2 Kg7 35. a5 Rd7 36. a6 Kf6 37. Be4 g5 38. Kg2 Ke5 39. Bd3 Kd4 40. Rb3 Ra7 41. e3+ Ke5 42. Rb8 h5 43. Rg8 1-0

[Event "Paul Keres mem (24th)"]
[Site "New Westminster CAN"]
[Date "1999.05.23"]
[Round "4"]
[White "Wong, Samuel"]
[Black "Martinovsky, Ian"]
[Result "1/2-1/2"]
[WhiteElo "1885"]
[BlackElo "2220"]
[PlyCount "95"]
[GameId "2160767911805016"]
[EventDate "1999.05.21"]
[EventType "swiss"]
[EventRounds "7"]
[EventCountry "CAN"]

1. d4 c5 2. Nf3 Nf6 3. c4 g6 4. Nc3 Bg7 5. e4 O-O 6. Be2 Na6 7. d5 d6 8. O-O Nc7 9. Ne1 e6 10. a4 Re8 11. Qc2 exd5 12. cxd5 Na6 13. Bxa6 bxa6 14. f3 Rb8 15. Be3 Qa5 16. Nd3 Nd7 17. Bd2 c4 18. Nf2 Nc5 19. Ncd1 Qb6 20. Qxc4 a5 21. Qc2 Ba6 22. Re1 Rec8 23. Bc3 Bd3 24. Nxd3 Nxd3+ 25. Re3 Nb4 26. Qf2 Bd4 27. Bxd4 Qxd4 28. Rc3 Qe5 29. Qxa7 Rf8 30. Ne3 Ra8 31. Qc7 Rfc8 32. Qxc8+ Rxc8 33. Rxc8+ Kg7 34. Rc3 f5 35. exf5 gxf5 36. Rd1 f4 37. Ng4 Qe2 38. Nf2 Nxd5 39. Rcd3 Ne3 40. R3d2 Qc4 41. Rd4 Qc2 42. R1d2 Qc1+ 43. Nd1 d5 44. Kf2 Nxd1+ 45. Rxd1 Qxb2+ 46. R1d2 Qb6 47. Kf1 Qa6+ 48. Kf2 1/2-1/2

[Event "Paul Keres mem (24th)"]
[Site "New Westminster CAN"]
[Date "1999.05.23"]
[Round "5"]
[White "Adam, Valerian"]
[Black "Lane, Travis"]
[Result "1-0"]
[WhiteElo "2315"]
[BlackElo "1872"]
[PlyCount "31"]
[GameId "2160767911805020"]
[EventDate "1999.05.21"]
[EventType "swiss"]
[EventRounds "7"]
[EventCountry "CAN"]

1. e4 c5 2. c4 e6 3. Nc3 Nc6 4. Nf3 Be7 5. d4 cxd4 6. Nxd4 a6 7. Be2 Nf6 8. O-O d6 9. Be3 Qc7 10. Rc1 O-O 11. f3 b6 12. Nd5 exd5 13. cxd5 Bd7 14. Nxc6 Bxc6 15. Rxc6 Qb8 16. Rxb6 1-0

[Event "Paul Keres mem (24th)"]
[Site "New Westminster CAN"]
[Date "1999.05.23"]
[Round "5"]
[White "Angelvette, Duane"]
[Black "Aquino, Manfrei"]
[Result "0-1"]
[WhiteElo "1676"]
[BlackElo "1959"]
[PlyCount "86"]
[GameId "2160767911805021"]
[EventDate "1999.05.21"]
[EventType "swiss"]
[EventRounds "7"]
[EventCountry "CAN"]

1. e4 e5 2. Nf3 Nc6 3. d4 exd4 4. Bc4 Be7 5. O-O d6 6. c3 Nf6 7. Qb3 O-O 8. cxd4 Na5 9. Qc3 Nxc4 10. Qxc4 Nxe4 11. d5 Nc5 12. Nc3 Bf5 13. Qf4 Bg6 14. Be3 Nd3 15. Qg4 f5 16. Qc4 f4 17. Bd2 Bf6 18. Ne4 Bxe4 19. Qxe4 Nc5 20. Qc4 Bxb2 21. Rab1 Bf6 22. Bxf4 b6 23. Bg3 Re8 24. Rbe1 Qd7 25. Nd4 Bxd4 26. Qxd4 Qa4 27. Qxa4 Nxa4 28. Rc1 Nc5 29. f3 Re2 30. Rfe1 Rae8 31. Kf1 Rxe1+ 32. Bxe1 Nd3 33. Rd1 Rxe1+ 34. Rxe1 Nxe1 35. Kxe1 Kf7 36. f4 h5 37. Ke2 Kf6 38. Ke3 Kf5 39. h3 h4 40. a4 a6 41. Kf3 b5 42. axb5 axb5 43. Ke3 b4 0-1

[Event "Paul Keres mem (24th)"]
[Site "New Westminster CAN"]
[Date "1999.05.23"]
[Round "5"]
[White "Berry, Jonathan"]
[Black "Moisseev, Dmitri"]
[Result "1-0"]
[WhiteElo "2383"]
[BlackElo "1875"]
[PlyCount "45"]
[GameId "2160767911805022"]
[EventDate "1999.05.21"]
[EventType "swiss"]
[EventRounds "7"]
[EventCountry "CAN"]

1. e4 e5 2. Nf3 Nc6 3. Bb5 Nf6 4. d3 d6 5. c3 a6 6. Ba4 Bg4 7. Nbd2 Be7 8. h3 Bh5 9. Nf1 b5 10. Bc2 h6 11. Ng3 Bg6 12. Nh4 Nxe4 13. Nxg6 Nxg3 14. Nxe7 Nxh1 15. Nxc6 Qf6 16. Qf3 a5 17. Qxf6 gxf6 18. a4 Rg8 19. Kf1 Kd7 20. axb5 Rg6 21. d4 Ng3+ 22. fxg3 Rxg3 23. Bf5+ 1-0

[Event "Paul Keres mem (24th)"]
[Site "New Westminster CAN"]
[Date "1999.05.23"]
[Round "5"]
[White "Downey, Glen"]
[Black "Wright, Stephen"]
[Result "1-0"]
[WhiteElo "2012"]
[BlackElo "2256"]
[PlyCount "81"]
[GameId "2160767911805023"]
[EventDate "1999.05.21"]
[EventType "swiss"]
[EventRounds "7"]
[EventCountry "CAN"]

1. d4 f5 2. Bg5 g6 3. Nd2 d5 4. e3 c6 5. Ngf3 Bg7 6. Bd3 Nf6 7. c3 Be6 8. Qc2 Nbd7 9. b4 Ne4 10. Bf4 Bf7 11. Nb3 O-O 12. a4 Qc8 13. O-O b6 14. Rfc1 Nd6 15. Bxd6 exd6 16. a5 b5 17. h3 a6 18. Ng5 Qd8 19. Nxf7 Rxf7 20. Rf1 Qg5 21. Nd2 Rc8 22. Nf3 Qf6 23. Rac1 Bh6 24. Rce1 Kh8 25. Qe2 Re8 26. Qc2 g5 27. Nh2 Bf8 28. g4 fxg4 29. hxg4 Rfe7 30. Bf5 Qg7 31. Kg2 Nf6 32. Qd3 Ng8 33. Rh1 Nh6 34. Nf3 Nxf5 35. Qxf5 h6 36. Rxh6+ Qxh6 37. Rh1 Qxh1+ 38. Kxh1 Rh7+ 39. Kg2 Be7 40. Nxg5 Bxg5 41. Qxg5 1-0

[Event "Paul Keres mem (24th)"]
[Site "New Westminster CAN"]
[Date "1999.05.23"]
[Round "5"]
[White "Hallam, John"]
[Black "Kuczaj, Chris"]
[Result "1/2-1/2"]
[WhiteElo "2257"]
[BlackElo "2114"]
[PlyCount "46"]
[GameId "2160767911805024"]
[EventDate "1999.05.21"]
[EventType "swiss"]
[EventRounds "7"]
[EventCountry "CAN"]

1. d4 d5 2. Nf3 c6 3. c4 e6 4. Nc3 f5 5. Bf4 Nf6 6. e3 Be7 7. Be2 O-O 8. O-O Bd7 9. Qb3 Qb6 10. c5 Qxb3 11. axb3 Ne4 12. Rfd1 g5 13. Be5 g4 14. Ne1 Bf6 15. Bxf6 Nxc3 16. bxc3 Rxf6 17. Nd3 Be8 18. f3 gxf3 19. gxf3 Nd7 20. Kh1 Kh8 21. Rg1 Rg6 22. Rg3 Bf7 23. Kg2 a6 1/2-1/2